Geography Quiz

Random Geography or Blitz Quiz
Score 0/12 Timer 00:30
3 Plays Today
Question Answer Wrong Answers
Paris is the capital of France. True
84.6%
False
1.1%
Havana is the capital of Cuba. True
83.7%
False
2.1%
Tokyo is the capital of Japan. True
83%
False
2.6%
Riga is the capital of Latvia. True
78.3%
False
7.1%
Alexandria is the capital of Egypt. False
77.1%
True
8.7%
Toronto is the capital of Canada. False
77%
True
8.7%
Sydney is the capital of Australia. False
75.3%
True
10.7%
Rio de Janeiro is the capital of Brazil. False
72.6%
True
13.2%
Mumbai is the capital of India. False
70.3%
True
15.5%
Johannesburg is the capital of South Africa. False
56.5%
True
29.4%
Kingstown is the capital of Saint Vincent and the Grenadines. True
55.1%
False
30.5%
Niamey is the capital of Niger. True
51.6%
False
33.7%
Remove Ads.
Support Sporcle.
Get the best of Sporcle when you Go Orange. This ad-free experience offers more features, more stats, and more fun while also helping to support Sporcle. Thank you for becoming a member.

You're not logged in!

Compare scores with friends on all Sporcle quizzes.
OR
Log In

Show Comments

Extras

Top Quizzes Today


Score Distribution

Your Account Isn't Verified!

In order to create a playlist on Sporcle, you need to verify the email address you used during registration. Go to your Sporcle Settings to finish the process.

Report this User

Report this user for behavior that violates our Community Guidelines.

Details: